00995 2200337 4500001002100000005001500021035002000036007000300056040001700059100003300076245008700109250002100196300002600217020001800243041000800261082001000269084001600279090002600295264004600321336002100367337003000388338002300418650002200441850001000463008004100473500002900514504002900543990002300572990003900595990002300634INLIS00000000000499120260516075613 a0010-0222000081ta aSBPUPADbind0 aAdi Suryadi CullaePengarang1 aMasyarakat Madani :bPemikiran, Teori, dan Relevansinya dengan Cita-Cita Reformasi a.--Ed. 1, Cet 3 axv, 242 hlm. ;c21 cm a979-421-718-2 aind a321.8 a321.8 ADI m a2X6.13 SAM m 2 4 R 19 a.--jakarta :bRajaGrafindo Persada,c2002 2rdacontentaTeks 2rdamediaaTanpa Perantara 2rdacarrieraVolume 4aMasyarakat Madani aPUPAD260516 0  aTentang Penulis, hal 241 abibliografi, 225-229 hlm a0723 a/BR/Arpus/07 a0723 b/BR/Arpus/070723/BR/Arpus/07 a0723 c/BR/Arpus/07